El regimen de pensiones de invalidez, vejez y muerte y la seguridad social costarricense /
El artículo examina el régimen de pensiones de invalidez, vejez y muerte en el contexto del sistema de seguridad social en Costa Rica. Ubaldo Carrillo Cubillo analiza los aspectos fundamentales de este régimen, incluyendo su estructura, beneficios y requisitos de elegibilidad. Se destaca la importan...
Kaydedildi:
| Yazar: | |
|---|---|
| Materyal Türü: | Metin |
| Dil: | Spanish |
| Konular: | |
| Etiketler: |
Etiketle
Etiket eklenmemiş, İlk siz ekleyin!
|
MARC
| LEADER | 00000 a a2200000 04500 | ||
|---|---|---|---|
| 001 | 48461 | ||
| 003 | cru IIS | ||
| 005 | 20230904112447.0 | ||
| 008 | 230904b |||||||| |||| 00| 0 spa d | ||
| 040 | |c CRAI | ||
| 100 | |a Carrillo Cubilo, Ubaldo | ||
| 245 | |a El regimen de pensiones de invalidez, vejez y muerte y la seguridad social costarricense / |c Ubaldo Carrillo Cubillo | ||
| 520 | |a El artículo examina el régimen de pensiones de invalidez, vejez y muerte en el contexto del sistema de seguridad social en Costa Rica. Ubaldo Carrillo Cubillo analiza los aspectos fundamentales de este régimen, incluyendo su estructura, beneficios y requisitos de elegibilidad. Se destaca la importancia de este sistema de pensiones en la protección de los derechos y el bienestar de los ciudadanos costarricenses, abordando cuestiones clave relacionadas con la jubilación, la invalidez y el fallecimiento. El autor también explora las implicaciones financieras y sociales del régimen, así como los desafíos y oportunidades que enfrenta en el contexto de la seguridad social en el país. RAR 08/2023 | ||
| 650 | 0 | |2 OCDE |9 1020 |a PENSIONES | |
| 650 | 0 | |2 OCDE |9 1102 |a VEJEZ | |
| 650 | 0 | |2 OCDE |9 3282 |a MUERTE | |
| 650 | 4 | |2 OCDE |9 1845 |a SEGURIDAD SOCIAL | |
| 650 | 0 | |2 OCDE |9 2121 |a BIENESTAR SOCIAL | |
| 650 | 0 | |2 OCDE |9 2154 |a BENEFICIO SOCIAL | |
| 651 | 0 | |2 OCDE |9 32 |a COSTA RICA | |
| 773 | |g volumen10, número40, (2002), páginas 6-10 : tablas | ||
| 942 | |2 ddc |c PP | ||
| 999 | |c 39351 |d 39351 | ||
